[Event "4e Open International de Noisiel - A"]
[Site "Noisiel"]
[Date "2019.03.02"]
[Round "1.1"]
[White "Fedorchuk, Sergey A"]
[Black "Smith, Matthieu"]
[Result "1-0"]
[WhiteElo "2609"]
[BlackElo "2204"]
[PlyCount "81"]
[EventDate "2019.??.??"]
[WhiteTeam "Club d'Echecs Metz Fischer"]
[BlackTeam "Clichy-Echecs-92"]

1. e4 e5 2. Nf3 Nc6 3. Bb5 a6 4. Ba4 Nf6 5. O-O Be7 6. Re1 b5 7. Bb3 d6 8. c3
O-O 9. d4 Bg4 10. Be3 Na5 11. dxe5 Bxf3 12. Qxf3 dxe5 13. Bc2 Nc4 14. Bc1 Qd7
15. h3 Rfe8 16. b3 Nd6 17. Nd2 Rad8 18. Nf1 g6 19. Ne3 c6 20. a4 Qe6 21. b4 Bf8
22. axb5 axb5 23. Ra3 Ra8 24. Bb3 Qe7 25. Nc2 Nd7 26. Rd1 Qf6 27. Qg4 Nb6 28.
Bg5 Qg7 29. Rxa8 Rxa8 30. Qf3 Nbc4 31. Bxc4 Nxc4 32. Rd7 Nd6 33. Ne3 h5 34. Bf6
Qh7 35. Bxe5 Ne8 36. h4 Bh6 37. g3 Ra1+ 38. Kg2 Ra8 39. Bd4 Rc8 40. e5 Bxe3 41.
Bxe3 1-0

[Event "4e Open International de Noisiel - A"]
[Site "Noisiel"]
[Date "2019.03.02"]
[Round "1.2"]
[White "Degardin, Sylvain"]
[Black "Moussard, Jules"]
[Result "1/2-1/2"]
[WhiteElo "2185"]
[BlackElo "2601"]
[PlyCount "86"]
[EventDate "2019.??.??"]
[WhiteTeam "Mulhouse Philidor"]
[BlackTeam "Asnières - Le Grand Echiquier"]

1. d4 d6 2. Nf3 g6 3. c4 Nf6 4. Nc3 Bf5 5. d5 Bg7 6. Nd4 Bd7 7. e4 O-O 8. Be2
e6 9. O-O Re8 10. Be3 exd5 11. exd5 Na6 12. Bf3 Nc5 13. Qc2 Rxe3 14. fxe3 Qe7
15. Rae1 a5 16. b3 h5 17. a3 Nh7 18. b4 axb4 19. axb4 Na6 20. Qb3 Re8 21. Nc2
Be5 22. Ne2 Qg5 23. Ned4 Nf6 24. Qd3 h4 25. Qd2 Kg7 26. Ne2 Ng4 27. Bxg4 Qxg4
28. Nf4 h3 29. Qf2 hxg2 30. Qxg2 Qh4 31. Re2 b5 32. Ref2 Re7 33. cxb5 Bxb5 34.
Rd1 Ba4 35. Nd4 Kh7 36. Ra1 Bxd4 37. exd4 Bb5 38. Qh3 Qxh3 39. Nxh3 Kh6 40. Rc2
Re3 41. Nf2 Rb3 42. Rcc1 Kg5 43. Rcb1 Rxb4 1/2-1/2

[Event "4e Open International de Noisiel - A"]
[Site "Noisiel"]
[Date "2019.03.02"]
[Round "1.3"]
[White "Bellahcene, Bilel"]
[Black "Bassini, Emile"]
[Result "1-0"]
[WhiteElo "2560"]
[BlackElo "2163"]
[PlyCount "59"]
[EventDate "2019.??.??"]
[WhiteTeam "Tremblay en France"]
[BlackTeam "C.E. de  Bois-Colombes"]

1. e4 c5 2. Nf3 d6 3. d4 cxd4 4. Nxd4 Nf6 5. Nc3 a6 6. h4 e5 7. Nb3 Be7 8. Be2
Be6 9. Bf3 Qc7 10. g4 b5 11. g5 Nfd7 12. Nd5 Bxd5 13. exd5 O-O 14. Bd2 f5 15.
Ba5 Qb7 16. a4 e4 17. Be2 Ne5 18. Bc3 Nbd7 19. Na5 Qb6 20. b4 f4 21. Qd4 Qc7
22. Nc6 Rae8 23. axb5 h6 24. Rg1 hxg5 25. hxg5 f3 26. Bf1 e3 27. Bh3 exf2+ 28.
Kxf2 g6 29. Be6+ Kg7 30. Bxd7 1-0

[Event "4e Open International de Noisiel - A"]
[Site "Noisiel"]
[Date "2019.03.02"]
[Round "1.4"]
[White "Koulitchenko, Alexandre"]
[Black "Maiorov, Nikita"]
[Result "0-1"]
[WhiteElo "2150"]
[BlackElo "2535"]
[PlyCount "74"]
[EventDate "2019.??.??"]
[WhiteTeam "Lutèce Echecs"]

1. e4 e5 2. Nf3 Nc6 3. Bb5 a6 4. Ba4 Nf6 5. O-O Be7 6. Re1 b5 7. Bb3 d6 8. c3
O-O 9. h3 Nb8 10. d4 Nbd7 11. Nbd2 Bb7 12. Bc2 Re8 13. Nf1 Bf8 14. Ng3 g6 15.
a4 c5 16. d5 c4 17. Be3 Nc5 18. Bxc5 dxc5 19. Qe2 Bh6 20. Ra2 Rb8 21. Rea1 Re7
22. Nh2 Ne8 23. Ng4 Bf4 24. Nf1 h5 25. Nge3 Nd6 26. axb5 axb5 27. Nd2 Rc7 28.
g3 Bh6 29. h4 Qe7 30. b3 cxb3 31. Nxb3 c4 32. Nc1 Bc8 33. Rb2 Ra7 34. Rab1 Rba8
35. Qf3 Ra3 36. Ne2 Qa7 37. Qf6 Ra6 0-1

[Event "4e Open International de Noisiel - A"]
[Site "Noisiel"]
[Date "2019.03.02"]
[Round "1.5"]
[White "Shchekachev, Andrei"]
[Black "Materia, Marco"]
[Result "1-0"]
[WhiteElo "2526"]
[BlackElo "2145"]
[PlyCount "39"]
[EventDate "2019.??.??"]
[WhiteTeam "Tremblay en France"]
[BlackTeam "Nomad' Echecs"]

1. Nf3 Nf6 2. c4 e6 3. Nc3 d5 4. d4 Be7 5. Bf4 O-O 6. Qc2 c6 7. e3 Nbd7 8. Rd1
Re8 9. Bd3 Nf8 10. h3 Ng6 11. Nh2 Bd6 12. Bxd6 Qxd6 13. O-O Qc7 14. Rfe1 b6 15.
cxd5 cxd5 16. Rc1 Qe7 17. Nb5 Rd8 18. Qb3 Ba6 19. Rc2 Bxb5 20. Bxb5 1-0

[Event "4e Open International de Noisiel - A"]
[Site "Noisiel"]
[Date "2019.03.02"]
[Round "1.6"]
[White "Razafindratsima, Timothe"]
[Black "Dgebuadze, Alexandre"]
[Result "0-1"]
[WhiteElo "2143"]
[BlackElo "2496"]
[PlyCount "86"]
[EventDate "2019.??.??"]
[WhiteTeam "Cannes Echecs"]

1. e4 e6 2. d4 d5 3. Nd2 Ne7 4. Ngf3 Nd7 5. Bd3 g6 6. O-O Bg7 7. c3 O-O 8. exd5
exd5 9. Nb3 b6 10. Bf4 Re8 11. Re1 Nf8 12. Qd2 a5 13. a4 f6 14. h3 Bd7 15. c4
Bc6 16. c5 Qd7 17. Bc2 g5 18. Bg3 Neg6 19. cxb6 cxb6 20. Nc1 h5 21. Nd3 h4 22.
Bh2 g4 23. hxg4 Qxg4 24. Bd1 h3 25. g3 Qf5 26. Be2 Re4 27. Qd1 Ne6 28. Nc1 Re8
29. Ra3 Ng5 30. Nxg5 fxg5 31. Rd3 Bxd4 32. Rxd4 Rxd4 33. Qb3 Rb4 34. Qc3 Qe4
35. f3 Qe3+ 36. Qxe3 Rxe3 37. Kf2 d4 38. Nd3 Rxa4 39. Rc1 Bb5 40. Rc8+ Re8 41.
Rxe8+ Bxe8 42. Bd1 Ra1 43. Ke2 Bb5 0-1

[Event "4e Open International de Noisiel - A"]
[Site "Noisiel"]
[Date "2019.03.02"]
[Round "1.8"]
[White "Bat, Bilguun"]
[Black "Sonis, Francesco"]
[Result "0-1"]
[WhiteElo "2131"]
[BlackElo "2479"]
[PlyCount "74"]
[EventDate "2019.??.??"]
[WhiteTeam "Cannes Echecs"]

1. d4 Nf6 2. Nf3 d5 3. e3 g6 4. Bd3 Bg7 5. O-O O-O 6. b3 c5 7. Bb2 Qc7 8. Nbd2
cxd4 9. exd4 Nc6 10. a3 Bf5 11. Qe2 Rfd8 12. Rac1 Bh6 13. Rce1 Bg4 14. Rd1 Nh5
15. g3 Rd6 16. Qe1 Bxd2 17. Nxd2 Re6 18. Be4 Bxd1 19. Qxd1 Rxe4 20. Nxe4 dxe4
21. Re1 Nf6 22. d5 Ne5 23. Kg2 Rd8 24. c4 Nd3 25. Re2 Nxb2 26. Rxb2 Qc5 27. Qc2
Qxa3 28. Ra2 Qc5 29. Qb2 a5 30. Ra4 b6 31. Kg1 e3 32. Kf1 exf2 33. Qxf2 Ne4 34.
Qxc5 Nxc5 35. Ra3 e6 36. dxe6 fxe6 37. Ke2 Rd3 0-1

[Event "4e Open International de Noisiel - A"]
[Site "Noisiel"]
[Date "2019.03.02"]
[Round "1.9"]
[White "Bailet, Pierre"]
[Black "Papadiamandis, Elliot"]
[Result "1-0"]
[WhiteElo "2475"]
[BlackElo "2128"]
[PlyCount "59"]
[EventDate "2019.??.??"]
[WhiteTeam "Vandoeuvre-Echecs"]
[BlackTeam "C.E. de  Bois-Colombes"]

1. e4 c5 2. Nf3 d6 3. Bb5+ Nd7 4. O-O a6 5. Bd3 Ngf6 6. c3 b5 7. Bc2 c4 8. b3
Bb7 9. Qe2 Qc7 10. bxc4 bxc4 11. Na3 Nb6 12. Rb1 Nfd7 13. Rb4 Rc8 14. d4 cxd3
15. Bxd3 Nc5 16. Be3 Ra8 17. Rfb1 Nbd7 18. Nc4 a5 19. Rxb7 Nxb7 20. Nb6 Rd8 21.
Nd5 Qc8 22. Ba6 e6 23. Rxb7 exd5 24. Rxd7 Qxd7 25. Bb5 dxe4 26. Bb6 Qxb5 27.
Qxb5+ Rd7 28. Nd4 g6 29. Nc6 Rb7 30. Qa6 1-0

[Event "4e Open International de Noisiel - A"]
[Site "Noisiel"]
[Date "2019.03.02"]
[Round "1.10"]
[White "Toulzac, Pierre-Yves"]
[Black "Travadon, Loic"]
[Result "0-1"]
[WhiteElo "2126"]
[BlackElo "2444"]
[PlyCount "99"]
[EventDate "2019.??.??"]
[WhiteTeam "Club d' Echecs de Plaisance du Touch"]
[BlackTeam "Cergy Pontoise Echecs"]

1. d4 Nf6 2. c4 e6 3. Nf3 b6 4. a3 Bb7 5. Nc3 g6 6. d5 Bg7 7. g3 O-O 8. Bg2 Na6
9. O-O Nc5 10. Nd4 e5 11. Nb3 Nxb3 12. Qxb3 d6 13. Qc2 Nh5 14. b4 f5 15. Bb2
Bc8 16. c5 f4 17. cxd6 cxd6 18. Nb5 Ba6 19. Qa4 Bxb5 20. Qxb5 fxg3 21. hxg3 Bh6
22. Bh3 Kh8 23. Qd7 Qxd7 24. Bxd7 Nf6 25. Bc6 Rac8 26. Kg2 Rc7 27. f3 Kg8 28.
a4 Bd2 29. Ba3 h5 30. Rfd1 Bh6 31. b5 Rd8 32. Bb4 Re7 33. a5 e4 34. axb6 axb6
35. Ra2 exf3+ 36. exf3 Re3 37. Be1 Rb3 38. Bf2 Be3 39. Bxe3 Rxe3 40. Ra7 Rf8
41. Rb7 Re2+ 42. Kf1 Rb2 43. Kg1 h4 44. g4 Nh7 45. f4 Rxf4 46. Bd7 g5 47. Be6+
Kh8 48. Ra1 Rf8 49. Rxb6 h3 50. Rxd6 0-1

[Event "4e Open International de Noisiel - A"]
[Site "Noisiel"]
[Date "2019.03.02"]
[Round "2.2"]
[White "Eden, James"]
[Black "Bellahcene, Bilel"]
[Result "0-1"]
[WhiteElo "2345"]
[BlackElo "2560"]
[PlyCount "144"]
[EventDate "2019.??.??"]
[WhiteTeam "U.S.Villejuif Echecs"]
[BlackTeam "Tremblay en France"]

1. e4 e5 2. Nf3 Nc6 3. d4 exd4 4. Nxd4 Bb4+ 5. c3 Bc5 6. Be3 Bb6 7. Nf5 Bxe3 8.
Nxe3 d6 9. Nd2 Nge7 10. Be2 O-O 11. O-O Kh8 12. Bg4 f5 13. exf5 Bxf5 14. Bxf5
Nxf5 15. Nxf5 Rxf5 16. Qb3 b6 17. Rae1 Qg5 18. Ne4 Qe7 19. f4 d5 20. Ng5 Qd7
21. Qc2 g6 22. Rf3 Re8 23. Rxe8+ Qxe8 24. Qd2 h6 25. Rh3 Kg7 26. Re3 Qd7 27.
Ne6+ Kf7 28. g3 Rf6 29. Nd4 Nxd4 30. Qxd4 Re6 31. Re5 c6 32. Kf2 Rf6 33. Kg2 h5
34. c4 Rf5 35. Re2 Rf6 36. cxd5 Qxd5+ 37. Qxd5+ cxd5 38. Kf3 Rc6 39. h3 a5 40.
g4 hxg4+ 41. hxg4 a4 42. Rd2 Rc5 43. Rd4 b5 44. Ke3 Ke6 45. Kd3 Rc1 46. Rb4 Rg1
47. Rxb5 Rxg4 48. Rb4 a3 49. bxa3 Rg3+ 50. Kd4 Rxa3 51. Rb2 Ra4+ 52. Ke3 Kf5
53. Rb5 Ra3+ 54. Kd4 Kxf4 55. Rb2 g5 56. Kxd5 g4 57. Kc4 g3 58. Kb4 Ra8 59. Rc2
Rb8+ 60. Ka5 Rg8 61. Rc4+ Ke3 62. a4 g2 63. Rc1 g1=Q 64. Rxg1 Rxg1 65. Kb6 Rb1+
66. Kc5 Ra1 67. Kb5 Kd4 68. a5 Kd5 69. Kb6 Kd6 70. a6 Rb1+ 71. Ka7 Kc7 72. Ka8
Kb6 0-1

[Event "4e Open International de Noisiel - A"]
[Site "Noisiel"]
[Date "2019.03.02"]
[Round "2.4"]
[White "Boyer, Mahel"]
[Black "Shchekachev, Andrei"]
[Result "1/2-1/2"]
[WhiteElo "2328"]
[BlackElo "2526"]
[PlyCount "38"]
[EventDate "2019.??.??"]
[WhiteTeam "Echiquier Nîmois"]
[BlackTeam "Tremblay en France"]

1. d4 Nf6 2. c4 e6 3. Nf3 Bb4+ 4. Bd2 a5 5. g3 d6 6. Bg2 Nbd7 7. Nc3 e5 8. a3
Bxc3 9. Bxc3 Ne4 10. Qc2 Nxc3 11. Qxc3 Qe7 12. b4 exd4 13. Nxd4 axb4 14. axb4
Rxa1+ 15. Qxa1 Nb6 16. Qc3 O-O 17. O-O c5 18. bxc5 dxc5 19. Nb3 Qxe2 1/2-1/2

[Event "4e Open International de Noisiel - A"]
[Site "Noisiel"]
[Date "2019.03.02"]
[Round "2.5"]
[White "Dgebuadze, Alexandre"]
[Black "Gatineau, Yovann"]
[Result "1/2-1/2"]
[WhiteElo "2496"]
[BlackElo "2342"]
[PlyCount "118"]
[EventDate "2019.??.??"]
[BlackTeam "Mulhouse Philidor"]

1. c4 Nf6 2. Nc3 c5 3. e4 Nc6 4. g3 e6 5. Bg2 d5 6. exd5 exd5 7. Nxd5 Nxd5 8.
cxd5 Nb4 9. a3 Qa5 10. Qe2+ Kd8 11. Qc4 b5 12. Qc3 Bf5 13. Kf1 Qa6 14. Bh3 Be4
15. axb4 Qxa1 16. f3 Bd3+ 17. Qxd3 Qxc1+ 18. Kg2 c4 19. Qc3 Qxc3 20. bxc3 Kc7
21. Ne2 Rd8 22. Ra1 Kb7 23. Bf5 g6 24. Bb1 Kb6 25. d3 cxd3 26. Bxd3 Rxd5 27.
Nf4 Rd7 28. Be4 a6 29. Nd5+ Ka7 30. c4 bxc4 31. b5 f5 32. Rxa6+ Kb8 33. Rb6+
Rb7 34. Bc2 Rxb6 35. Nxb6 c3 36. Kf1 Bg7 37. Ke2 Re8+ 38. Kd3 Rd8+ 39. Kc4 Kb7
40. Nd5 Rc8+ 41. Kb4 Be5 42. f4 Bd4 43. Kb3 Rc5 44. Nb4 Bg1 45. h3 Bh2 46. g4
fxg4 47. hxg4 Bxf4 48. Be4+ Ka7 49. b6+ Kxb6 50. Nd5+ Rxd5 51. Bxd5 Bd2 52. g5
Bxg5 53. Kxc3 Kc5 54. Bg8 h6 55. Kd3 Bf6 56. Bf7 g5 57. Ke4 Kd6 58. Kf5 Ke7 59.
Bh5 Kf8 1/2-1/2

[Event "4e Open International de Noisiel - A"]
[Site "Noisiel"]
[Date "2019.03.02"]
[Round "2.6"]
[White "Shirazi, Kamran"]
[Black "Iniyan, P."]
[Result "1/2-1/2"]
[WhiteElo "2321"]
[BlackElo "2487"]
[PlyCount "56"]
[EventDate "2019.??.??"]
[WhiteTeam "Tremblay en France"]

1. e4 c5 2. b3 Nf6 3. e5 Nd5 4. Bb2 Nc6 5. g3 d6 6. exd6 Qxd6 7. Bg2 e5 8. Na3
Be6 9. Nc4 Qc7 10. Qe2 O-O-O 11. Nxe5 Nxe5 12. Bxe5 Bd6 13. Bxd6 Qxd6 14. Nf3
Nb4 15. O-O Rhe8 16. Qd1 Bg4 17. h3 Bh5 18. d4 cxd4 19. Qxd4 Bxf3 20. Qxd6 Rxd6
21. Bxf3 Rd2 22. Rfe1 Rxe1+ 23. Rxe1 Rxc2 24. Re8+ Kd7 25. Rg8 g6 26. Rg7 Ke6
27. Bxb7 Rxa2 28. Bc8+ Kf6 {Suite illisible} 1/2-1/2

[Event "4e Open International de Noisiel - A"]
[Site "Noisiel"]
[Date "2019.03.02"]
[Round "2.7"]
[White "Sonis, Francesco"]
[Black "Popov, Konstantin"]
[Result "1-0"]
[WhiteElo "2479"]
[BlackElo "2328"]
[PlyCount "92"]
[EventDate "2019.??.??"]
[BlackTeam "J.E.E.N."]

1. c4 e5 2. Nc3 Nf6 3. Nf3 Nc6 4. e3 Bb4 5. Qc2 O-O 6. Nd5 Re8 7. Qf5 d6 8.
Nxf6+ Qxf6 9. Qxf6 gxf6 10. a3 Ba5 11. b4 Bb6 12. Bb2 a5 13. b5 Ne7 14. a4 Ng6
15. d3 f5 16. h4 h5 17. Nd2 f4 18. e4 Bg4 19. Be2 Bxe2 20. Kxe2 Nf8 21. Nb3 Ne6
22. Kf3 Kh7 23. Rad1 Kg6 24. Rhe1 f5 25. d4 fxe4+ 26. Rxe4 exd4 27. Bxd4 Bxd4
28. Nxd4 Nc5 29. Rxe8 Rxe8 30. b6 c6 31. Ne2 Nxa4 32. Nxf4+ Kf7 33. Rxd6 Nxb6
34. c5 Nc4 35. Rd4 Ne5+ 36. Kg3 Ra8 37. Ra4 Nd7 38. Nd3 Ke6 39. Kf4 Kd5 40. Ke3
b5 41. cxb6 Nxb6 42. Rd4+ Ke6 43. Nc5+ Ke5 44. f4+ Kf5 45. Kf3 Nd5 46. Na4 Nf6
{Suite illisible} 1-0

[Event "4e Open International de Noisiel - A"]
[Site "Noisiel"]
[Date "2019.03.02"]
[Round "2.8"]
[White "Laurent, Julien G"]
[Black "Bailet, Pierre"]
[Result "1/2-1/2"]
[WhiteElo "2314"]
[BlackElo "2475"]
[PlyCount "76"]
[EventDate "2019.??.??"]
[WhiteTeam "Echiquier de Franconville"]
[BlackTeam "Vandoeuvre-Echecs"]

1. d4 Nf6 2. c4 g6 3. Nc3 Bg7 4. e4 d6 5. Be2 O-O 6. Nf3 c5 7. d5 e6 8. O-O
exd5 9. cxd5 Bg4 10. Bf4 Re8 11. h3 Nxe4 12. hxg4 Bxc3 13. Bb5 Bxb2 14. Bxe8
Qxe8 15. Re1 Nd7 16. Rb1 Bc3 17. Re2 Bg7 18. Qc2 f5 19. gxf5 gxf5 20. Ng5 b6
21. Nxe4 fxe4 22. Qxe4 Qxe4 23. Rxe4 Nf6 24. Re6 Rd8 25. Bg5 Kf7 26. Rbe1 Rd7
27. Bxf6 Bxf6 28. a4 c4 29. Kf1 c3 30. Rc1 a6 31. Ke2 b5 32. axb5 axb5 33. Kd3
b4 34. Rb1 Rc7 35. Kc2 Ra7 36. Kb3 Bd4 37. Kc2 Bc5 38. f4 h5 {Suite illisible}
1/2-1/2